[Event "14th EUR-ch"]
[Site "Minsk BLR"]
[Date "2017.06.03"]
[Round "5.39"]
[White "Kryvoruchko, Yuriy"]
[Black "Alonso Rosell, Alvar"]
[Result "0-1"]
[WhiteElo "2714"]
[BlackElo "2536"]
[EventDate "2017.05.30"]
[PlyCount "108"]

1.e4 c6 2.d4 d5 3.Nc3 dxe4 4.Nxe4 Bf5 5.Ng3 Bg6 6.h4 h6 7.Nf3 e6 8.Ne5 Bh7
9.Bd3 Bxd3 10.Qxd3 Nd7 11.Bf4 Nxe5 12.Bxe5 Qa5+ 13.c3 Nf6 14.O-O Ng4 15.
Rad1 O-O-O 16.Qf3 Nxe5 17.dxe5 Rxd1 18.Rxd1 Qxe5 19.Qxf7 Bd6 20.Qg6 Rf8 
21.Ne4 Bc7 22.g3 a5 23.a4 Kb8 24.Rd7 Rf5 25.Qg4 h5 26.Qe2 g5 27.hxg5 Rxg5 
28.Kf1 Rg4 29.f3 Rg8 30.Qf2 Qf5 31.Ke2 Qh3 32.Qd4 Qg2+ 33.Qf2 Qh3 34.Kd3 
e5 35.Re7 Qh1 36.Kc2 h4 37.Nf6 Rd8 38.Nd7+ Ka8 39.gxh4 Qa1 40.h5 Qxa4+ 41.
Kc1 Qf4+ 42.Qd2 Qh4 43.Rh7 e4 44.Qd4 Qe1+ 45.Kc2 exf3 46.Rf7 Qe6 47.Nb6+ 
Kb8 48.Rd7 Qf5+ 49.Kb3 Qb5+ 50.Ka2 Qxb6 51.Rxd8+ Bxd8 52.Qf4+ Qc7 53.Qxf3 
Qd6 54.Qh3 Bg5 0-1

[Event "14th EUR-ch"]
[Site "Minsk BLR"]
[Date "2017.06.03"]
[Round "5.40"]
[White "Baron, Tal"]
[Black "Ponomariov, Ruslan"]
[Result "1/2-1/2"]
[WhiteElo "2540"]
[BlackElo "2712"]
[EventDate "2017.05.30"]
[PlyCount "46"]

1.d4 d5 2.c4 c6 3.Nf3 Nf6 4.Nc3 e6 5.g3 dxc4 6.Bg2 Nbd7 7.O-O b5 8.e4 b4 
9.Na4 Be7 10.Re1 O-O 11.Be3 Ba6 12.a3 bxa3 13.Qc2 axb2 14.Nxb2 Bb5 15.h3 
a5 16.Nd2 c3 17.Qxc3 Bb4 18.Qc2 e5 19.Red1 Qe7 20.Ndc4 exd4 21.Bxd4 Rfe8 
22.Nd3 Nf8 23.Ne3 Bxd3 1/2-1/2

[Event "14th EUR-ch"]
[Site "Minsk BLR"]
[Date "2017.06.03"]
[Round "5.41"]
[White "Leko, Peter"]
[Black "Steinberg, Nitzan"]
[Result "1/2-1/2"]
[WhiteElo "2703"]
[BlackElo "2532"]
[EventDate "2017.05.30"]
[PlyCount "45"]

1.e4 c5 2.Nf3 d6 3.d4 cxd4 4.Nxd4 Nf6 5.Nc3 a6 6.f3 e6 7.Be3 b5 8.Qd2 Nbd7
9.a3 Bb7 10.g4 h6 11.O-O-O Rc8 12.h4 Nb6 13.Kb1 Nfd7 14.Qe1 Ne5 15.Rh3 Qc7
16.Bc1 Be7 17.g5 Nec4 18.Na2 d5 19.gxh6 gxh6 20.exd5 Nxd5 21.Bxc4 Qxc4 22.
f4 Bf6 23.Qf2 1/2-1/2

[Event "14th EUR-ch"]
[Site "Minsk BLR"]
[Date "2017.06.03"]
[Round "5.43"]
[White "Sanal, Vahap"]
[Black "Korobov, Anton"]
[Result "0-1"]
[WhiteElo "2533"]
[BlackElo "2688"]
[EventDate "2017.05.30"]
[PlyCount "62"]

1.Nf3 Nf6 2.c4 g6 3.b3 Bg7 4.Bb2 O-O 5.g3 d6 6.d4 Bf5 7.Bg2 c6 8.O-O Nbd7 
9.Nh4 Be4 10.f3 Bxb1 11.Rxb1 Qa5 12.Qc2 e5 13.Rbd1 Rfe8 14.Bh3 Nf8 15.Bc3 
Qc7 16.Qb2 b5 17.cxb5 Nd5 18.bxc6 Qxc6 19.Rc1 Qb6 20.e4 exd4 21.Ba5 Qxa5 
22.exd5 d3 23.Qb1 d2 24.Rcd1 Re2 25.Qd3 Rae8 26.Ng2 Bc3 27.Nf4 Re1 28.Qc2 
Qc5+ 29.Kg2 Rxd1 30.Qxd1 Re1 31.Qc2 d1=Q 0-1

[Event "14th EUR-ch"]
[Site "Minsk BLR"]
[Date "2017.06.03"]
[Round "5.44"]
[White "Alsina Leal, Daniel"]
[Black "Artemiev, Vladislav"]
[Result "0-1"]
[WhiteElo "2530"]
[BlackElo "2682"]
[EventDate "2017.05.30"]
[PlyCount "82"]

1.d4 Nf6 2.c4 g6 3.Nc3 d5 4.cxd5 Nxd5 5.e4 Nb6 6.h3 Bg7 7.Nf3 O-O 8.Be2 
Nc6 9.d5 Na5 10.Bg5 c6 11.Rc1 h6 12.Bh4 cxd5 13.exd5 Bf5 14.b4 Nac4 15.O-O
Rc8 16.Qb3 Nd6 17.Na4 Nxa4 18.Qxa4 Ne4 19.Rxc8 Bxc8 20.Qxa7 g5 21.Qe3 Nc3 
22.Bg3 Nxd5 23.Qb3 Nc3 24.Re1 g4 25.hxg4 Bxg4 26.Bf1 Bxf3 27.gxf3 e6 28.
Re3 Qd2 29.Rd3 Qc1 30.Kg2 Rc8 31.b5 h5 32.Qb4 Nd5 33.Qh4 Qh6 34.Rxd5 exd5 
35.Bd3 Bf6 36.Qb4 Rc3 37.Bb1 h4 38.Bb8 d4 39.Bf5 Qg5+ 40.Bg4 Rc2 41.Kh3 
Qc1 0-1

[Event "14th EUR-ch"]
[Site "Minsk BLR"]
[Date "2017.06.03"]
[Round "5.45"]
[White "Gabrielian, Artur"]
[Black "Ragger, Markus"]
[Result "1/2-1/2"]
[WhiteElo "2525"]
[BlackElo "2680"]
[EventDate "2017.05.30"]
[PlyCount "36"]

1.e4 e6 2.d4 d5 3.Nc3 Bb4 4.exd5 exd5 5.Bd3 Nc6 6.Ne2 Nge7 7.O-O Bf5 8.Be3
Qd7 9.a3 Bxc3 10.Nxc3 O-O 11.Re1 Rfe8 12.f3 Nd8 13.Bf1 Nc8 14.Qd2 c6 15.
Bf2 Ne6 16.Nd1 Nd6 17.Ne3 Bg6 18.b3 Nf5 1/2-1/2

[Event "14th EUR-ch"]
[Site "Minsk BLR"]
[Date "2017.06.03"]
[Round "5.46"]
[White "Sedlak, Nikola"]
[Black "Grandelius, Nils"]
[Result "0-1"]
[WhiteElo "2523"]
[BlackElo "2665"]
[EventDate "2017.05.30"]
[PlyCount "76"]

1.d4 Nf6 2.Nf3 g6 3.Bg5 Bg7 4.Nbd2 O-O 5.c3 d6 6.e4 c5 7.d5 h6 8.Bh4 e6 9.
dxe6 Bxe6 10.Bc4 Re8 11.O-O Nc6 12.Bxf6 Qxf6 13.Re1 Rad8 14.Qc2 h5 15.a4 
Bh6 16.a5 Bxd2 17.Nxd2 Bxc4 18.Nxc4 Qe6 19.Nd2 d5 20.e5 Kg7 21.f4 Rd7 22.
Qa4 Ne7 23.Nf3 Nf5 24.a6 Qc6 25.Qxc6 bxc6 26.Ra5 c4 27.Rc5 Rb8 28.Rxc6 
Rxb2 29.e6 Re7 30.exf7 Rxe1+ 31.Nxe1 Ne3 32.Rf6 Kf8 33.Rxg6 d4 34.cxd4 c3 
35.Rc6 Re2 36.Rc7 c2 37.Nd3 Rxg2+ 38.Kh1 Rd2 0-1

[Event "14th EUR-ch"]
[Site "Minsk BLR"]
[Date "2017.06.03"]
[Round "5.47"]
[White "Motylev, Alexander"]
[Black "Esipenko, Andrey"]
[Result "1/2-1/2"]
[WhiteElo "2665"]
[BlackElo "2509"]
[EventDate "2017.05.30"]
[PlyCount "67"]

1.e4 e5 2.Nf3 Nc6 3.Bc4 Bc5 4.O-O Nf6 5.d3 O-O 6.a4 a6 7.h3 d6 8.c3 Ba7 9.
Re1 Ne7 10.Nbd2 Ng6 11.Nf1 c6 12.Bb3 Re8 13.Ng3 Be6 14.d4 h6 15.a5 Bxb3 
16.Qxb3 Qc7 17.Be3 exd4 18.Bxd4 Ne5 19.Nxe5 Bxd4 20.cxd4 dxe5 21.Nf5 exd4 
22.e5 Rxe5 23.Nxh6+ gxh6 24.Qg3+ Ng4 25.Qxg4+ Rg5 26.Qxd4 Rd8 27.Qf6 Rg6 
28.Qc3 Qd7 29.Re3 Qd5 30.Rf3 Qd4 31.Qb3 Qd5 32.Qc3 Qd4 33.Qb3 Qd5 34.Qc3 
1/2-1/2

[Event "14th EUR-ch"]
[Site "Minsk BLR"]
[Date "2017.06.03"]
[Round "5.48"]
[White "Kveinys, Aloyzas"]
[Black "Zviagintsev, Vadim"]
[Result "1/2-1/2"]
[WhiteElo "2520"]
[BlackElo "2661"]
[EventDate "2017.05.30"]
[PlyCount "38"]

1.e4 c5 2.Nf3 g6 3.d4 cxd4 4.Qxd4 Nf6 5.Nc3 Nc6 6.Qa4 d6 7.e5 dxe5 8.Nxe5 
Qd4 9.Nxc6 Qxa4 10.Nxa4 bxc6 11.Be2 Nd5 12.Bd2 e5 13.O-O-O f6 14.c4 Nb6 
15.Bf3 Bd7 16.Nxb6 axb6 17.Be3 Bc5 18.Bxc5 bxc5 19.a3 Ke7 1/2-1/2

[Event "14th EUR-ch"]
[Site "Minsk BLR"]
[Date "2017.06.03"]
[Round "5.50"]
[White "Moskalenko, Alexander"]
[Black "Swiercz, Dariusz"]
[Result "1-0"]
[WhiteElo "2514"]
[BlackElo "2649"]
[EventDate "2017.05.30"]
[PlyCount "93"]

1.Nf3 Nf6 2.c4 b6 3.d4 e6 4.g3 Ba6 5.b3 d5 6.cxd5 exd5 7.Bg2 Bb4+ 8.Bd2 
Be7 9.Nc3 O-O 10.O-O Re8 11.Ne5 Bb7 12.Bg5 Nbd7 13.Rc1 Nf8 14.b4 Ne6 15.
Bxf6 Bxf6 16.e3 a6 17.Nd3 c6 18.Qb3 Qd6 19.Na4 Qd8 20.Rfe1 Rb8 21.a3 Ba8 
22.h4 g6 23.Qd1 Qd6 24.Re2 Nc7 25.Nc3 Bb7 26.Bh3 Ne6 27.Rec2 Bc8 28.Bg2 
Bd7 29.Nb1 Nd8 30.Qf1 Ra8 31.Rb2 Bf5 32.Bh3 Qd7 33.Kh2 Rc8 34.Bxf5 Qxf5 
35.Qh3 Qxh3+ 36.Kxh3 Ra8 37.a4 b5 38.Ra2 Rb8 39.Nc5 Be7 40.Nxa6 Rb7 41.
axb5 cxb5 42.Nc7 Rf8 43.Nxd5 Ne6 44.Rc6 Rd8 45.Nxe7+ Rxe7 46.Nc3 h5 47.Ra5
1-0

[Event "14th EUR-ch"]
[Site "Minsk BLR"]
[Date "2017.06.03"]
[Round "5.51"]
[White "Volokitin, Andrei"]
[Black "Jurcik, Marian"]
[Result "1-0"]
[WhiteElo "2649"]
[BlackElo "2501"]
[EventDate "2017.05.30"]
[PlyCount "107"]

1.e4 c5 2.Nf3 d6 3.d4 cxd4 4.Nxd4 Nf6 5.Nc3 a6 6.h3 e5 7.Nb3 Be6 8.f4 g6 
9.Be2 Nbd7 10.O-O Rc8 11.Be3 Rxc3 12.bxc3 Nxe4 13.Bf3 Nxc3 14.Qd2 Qc7 15.
fxe5 dxe5 16.Nd4 exd4 17.Bxd4 Bc5 18.Qxc3 Bxd4+ 19.Qxd4 O-O 20.Bd5 Bxd5 
21.Qxd5 Qc5+ 22.Qxc5 Nxc5 23.Rae1 Ne6 24.Rd1 Nc5 25.Rf3 Rc8 26.Rd6 Kf8 27.
Rc3 Ke7 28.Rb6 Rc7 29.g4 Kd7 30.Rf6 Ke7 31.g5 h5 32.h4 Ke8 33.Rc4 Ke7 34.
a4 Rc8 35.a5 Rc7 36.Kf2 Ke8 37.Kf3 Ke7 38.Ke3 Kd8 39.Rd6+ Ke8 40.Kd4 Ke7 
41.Kd5 Ne6 42.Rxc7+ Nxc7+ 43.Ke5 Ne6 44.Rb6 Nd8 45.Kd5 Kd7 46.c4 Kc7 47.
Rf6 Kd7 48.c5 Kc7 49.Ke5 Nc6+ 50.Ke4 Nd8 51.Kd5 Kd7 52.Rd6+ Ke7 53.Rxd8 
Kxd8 54.Kd6 1-0

[Event "14th EUR-ch"]
[Site "Minsk BLR"]
[Date "2017.06.03"]
[Round "5.52"]
[White "Kotronias, Vasilios"]
[Black "Sutovsky, Emil"]
[Result "0-1"]
[WhiteElo "2508"]
[BlackElo "2646"]
[EventDate "2017.05.30"]
[PlyCount "98"]

1.e4 e6 2.d4 d5 3.Nd2 Be7 4.Ngf3 Nf6 5.e5 Nfd7 6.c3 c5 7.Bd3 Nc6 8.O-O a5 
9.a3 a4 10.Bc2 b5 11.Re1 cxd4 12.cxd4 Nb6 13.h4 Bxh4 14.Nxh4 Qxh4 15.Nf3 
Qg4 16.Rb1 Ba6 17.b3 axb3 18.Rxb3 Nc4 19.Be3 N6a5 20.Rc3 Nxe3 21.fxe3 Nc4 
22.Qb1 h5 23.e4 h4 24.Nh2 Qg5 25.Rh3 Nd2 26.Qb4 Rc8 27.Bd3 dxe4 28.Bxb5+ 
Bxb5 29.Qxb5+ Kf8 30.d5 Rh6 31.Qb7 Re8 32.Re2 Kg8 33.Qb4 Nf3+ 34.Nxf3 exf3
35.Rxf3 h3 36.Qd2 Qg6 37.dxe6 Qxe6 38.g3 Rh5 39.Qf4 h2+ 40.Rxh2 Rxe5 41.
Rhf2 f6 42.Kg2 Rc8 43.Qb4 Rh5 44.Qb3 Rc4 45.Kg1 Kh8 46.Qb8+ Rc8 47.Qb2 Qh3
48.Rg2 Qh1+ 49.Kf2 Rh2 0-1

[Event "14th EUR-ch"]
[Site "Minsk BLR"]
[Date "2017.06.03"]
[Round "5.53"]
[White "Lysyj, Igor"]
[Black "Salomon, Johan"]
[Result "1-0"]
[WhiteElo "2643"]
[BlackElo "2501"]
[EventDate "2017.05.30"]
[PlyCount "53"]

1.d4 Nf6 2.c4 e6 3.g3 d5 4.Bg2 Be7 5.Nf3 O-O 6.b3 dxc4 7.bxc4 c5 8.O-O 
cxd4 9.Nxd4 e5 10.Nb5 Nc6 11.N1c3 Qxd1 12.Rxd1 Bf5 13.Be3 Ng4 14.Nd5 Nxe3 
15.Nxe7+ Nxe7 16.fxe3 Rab8 17.Nxa7 Be6 18.c5 Nf5 19.Kf2 Ra8 20.Nb5 Ra5 21.
a4 Bb3 22.Rdb1 Rxa4 23.Rxa4 Bxa4 24.Bxb7 Ne7 25.c6 Bc2 26.Rc1 Be4 27.Nd6 
1-0

[Event "14th EUR-ch"]
[Site "Minsk BLR"]
[Date "2017.06.03"]
[Round "5.54"]
[White "Solak, Dragan"]
[Black "Matinian, Nikita"]
[Result "0-1"]
[WhiteElo "2641"]
[BlackElo "2491"]
[EventDate "2017.05.30"]
[PlyCount "92"]

1.e4 e5 2.Nf3 Nc6 3.Bb5 a6 4.Bxc6 dxc6 5.O-O Bd6 6.d4 exd4 7.Qxd4 f6 8.Be3
Ne7 9.Nbd2 Be6 10.Qc3 Qd7 11.Rad1 Ng6 12.Nb3 Bxb3 13.Qxb3 O-O-O 14.Nd4 
Rhe8 15.f3 Nh4 16.Bf2 c5 17.Ne2 g5 18.Kh1 f5 19.Nc3 Qg7 20.Bxh4 gxh4 21.
exf5 Qe5 22.f4 Qxf5 23.Qd5 Qxc2 24.Rd2 Qg6 25.Qf3 Qf5 26.h3 Rf8 27.Nd5 
Rde8 28.Rdf2 Re4 29.Qb3 Rd4 30.Ne3 Qe4 31.Ng4 Rd3 32.Qc2 Rxh3+ 33.Nh2 Qxc2
34.Rxc2 Rg3 35.Rc4 h3 36.gxh3 Rxh3 37.Kg2 Re3 38.Ng4 Re2+ 39.Kf3 Rxb2 40.
a4 b5 41.axb5 axb5 42.Re4 c4 43.Ne3 Bc5 44.Nd5 Rd2 45.Re5 Bd6 46.Rh5 c6 
0-1

[Event "14th EUR-ch"]
[Site "Minsk BLR"]
[Date "2017.06.03"]
[Round "5.55"]
[White "Meskovs, Nikita"]
[Black "Edouard, Romain"]
[Result "1/2-1/2"]
[WhiteElo "2504"]
[BlackElo "2640"]
[EventDate "2017.05.30"]
[PlyCount "38"]

1.c4 c5 2.Nf3 g6 3.d4 cxd4 4.Nxd4 Nc6 5.e4 Nf6 6.Nc3 d6 7.Be2 Nxd4 8.Qxd4 
Bg7 9.Be3 O-O 10.Qd2 Be6 11.f3 a5 12.b3 a4 13.O-O axb3 14.axb3 Nd7 15.Rxa8
Qxa8 16.Nb5 Rc8 17.Na7 Rc5 18.Nb5 Rc8 19.Na7 Rc5 1/2-1/2

[Event "14th EUR-ch"]
[Site "Minsk BLR"]
[Date "2017.06.03"]
[Round "5.56"]
[White "Ivanisevic, Ivan"]
[Black "Shevchenko, Kirill"]
[Result "1-0"]
[WhiteElo "2638"]
[BlackElo "2491"]
[EventDate "2017.05.30"]
[PlyCount "89"]

1.d4 Nf6 2.Bg5 Ne4 3.h4 d5 4.e3 h6 5.Bf4 c5 6.f3 Nf6 7.Nc3 cxd4 8.exd4 a6 
9.Qd2 Nc6 10.g4 e6 11.Nge2 Bd6 12.O-O-O Qc7 13.Bxd6 Qxd6 14.Nf4 Bd7 15.Be2
O-O-O 16.g5 Ng8 17.Na4 Nge7 18.Nb6+ Kc7 19.Nxd7 Kxd7 20.c3 Nf5 21.Bd3 Nce7
22.Rde1 g6 23.Bc2 hxg5 24.hxg5 Rxh1 25.Rxh1 Ng3 26.Re1 Rh8 27.Nd3 Nc6 28.
Ba4 Nf5 29.Ne5+ Ke7 30.Bxc6 bxc6 31.Qe2 Ra8 32.Kb1 a5 33.a4 Ng3 34.Qc2 Nf5
35.Rh1 Rf8 36.Rh7 Ke8 37.Qb3 Qc7 38.Nxg6 Rg8 39.Ne5 Rg7 40.Rh8+ Ke7 41.Ra8
Kd6 42.Qa3+ c5 43.Ra6+ Ke7 44.Rc6 Qa7 45.Rxc5 1-0

[Event "14th EUR-ch"]
[Site "Minsk BLR"]
[Date "2017.06.03"]
[Round "5.57"]
[White "Theodorou, Nikolas"]
[Black "Oleksiyenko, Mykhaylo"]
[Result "1/2-1/2"]
[WhiteElo "2495"]
[BlackElo "2636"]
[EventDate "2017.05.30"]
[PlyCount "91"]

1.g3 Nf6 2.Bg2 g6 3.c4 Bg7 4.d4 O-O 5.Nc3 d6 6.Nf3 Nc6 7.O-O a6 8.d5 Na5 
9.b3 c6 10.dxc6 Nxc6 11.Bb2 Qa5 12.Nd5 Nxd5 13.Bxg7 Nc3 14.Bxc3 Qxc3 15.
Rc1 Qa5 16.Qd2 Qxd2 17.Nxd2 Rd8 18.Ne4 Bg4 19.Nc3 Rab8 20.h3 Bd7 21.Rfd1 
b6 22.Nd5 Kf8 23.b4 a5 24.b5 Na7 25.g4 h6 26.f4 Rdc8 27.Rf1 f5 28.gxf5 
gxf5 29.e4 Rc5 30.e5 dxe5 31.fxe5 e6 32.Nf4 Rbc8 33.Rcd1 Ke7 34.Rf3 Rxc4 
35.Rg3 Rxf4 36.Rg7+ Kf8 37.Rdxd7 Nxb5 38.Rdf7+ Ke8 39.Re7+ Kf8 40.Ref7+ 
Ke8 41.Rb7 Kf8 42.Rh7 Kg8 43.Rbg7+ Kf8 44.Rb7 Kg8 45.Rhg7+ Kh8 46.Rh7+ 
1/2-1/2

[Event "14th EUR-ch"]
[Site "Minsk BLR"]
[Date "2017.06.03"]
[Round "5.58"]
[White "Romanov, Evgeny"]
[Black "Schreiner, Peter"]
[Result "1-0"]
[WhiteElo "2636"]
[BlackElo "2483"]
[EventDate "2017.05.30"]
[PlyCount "61"]

1.c4 Nf6 2.Nc3 d5 3.cxd5 Nxd5 4.g3 g6 5.Bg2 Nxc3 6.bxc3 Bg7 7.h4 Nc6 8.h5 
Qd7 9.Qa4 Ne5 10.Qb3 Nc6 11.Nf3 b6 12.Ng5 e6 13.Ne4 Na5 14.Qc2 Bb7 15.h6 
Be5 16.d4 f5 17.dxe5 fxe4 18.Bxe4 Bxe4 19.Qxe4 Qc6 20.Qxc6+ Nxc6 21.Bg5 
Rf8 22.f4 Rf7 23.O-O-O Rd7 24.Rxd7 Kxd7 25.Rd1+ Ke8 26.e4 Nd8 27.g4 Nf7 
28.Bf6 Nxh6 29.Rh1 Nxg4 30.Rxh7 Rc8 31.Bh4 1-0

[Event "14th EUR-ch"]
[Site "Minsk BLR"]
[Date "2017.06.03"]
[Round "5.60"]
[White "Iljiushenok, Ilia"]
[Black "Salgado Lopez, Ivan"]
[Result "0-1"]
[WhiteElo "2489"]
[BlackElo "2627"]
[EventDate "2017.05.30"]
[PlyCount "80"]

1.e4 c5 2.Nf3 Nc6 3.d4 cxd4 4.Nxd4 Nf6 5.Nc3 e5 6.Ndb5 d6 7.Bg5 a6 8.Na3 
b5 9.Bxf6 gxf6 10.Nd5 f5 11.Bd3 Be6 12.O-O Bxd5 13.exd5 Ne7 14.Nxb5 Bg7 
15.Nc3 O-O 16.Qh5 e4 17.Bc4 Qc8 18.Bb3 Ng6 19.f4 Bxc3 20.bxc3 a5 21.a4 Kh8
22.Kh1 Rg8 23.g3 Rg7 24.Rae1 Ne7 25.c4 Ng8 26.Qd1 Qc5 27.Qa1 Re8 28.Qc3 h5
29.Ba2 Kh7 30.Re2 Rb8 31.Rb1 Rxb1+ 32.Bxb1 h4 33.Ba2 Nh6 34.Qe3 Qc8 35.Kg2
Ng4 36.Qb6 Qg8 37.Qd4 Nxh2 38.Kxh2 Rxg3 39.Qf2 Qg4 40.Qf1 Rf3 0-1

[Event "14th EUR-ch"]
[Site "Minsk BLR"]
[Date "2017.06.03"]
[Round "5.61"]
[White "Ali Marandi, Cemil Can"]
[Black "Andriasian, Zaven"]
[Result "1/2-1/2"]
[WhiteElo "2479"]
[BlackElo "2622"]
[EventDate "2017.05.30"]
[PlyCount "33"]

1.e4 c5 2.Nf3 d6 3.d4 cxd4 4.Nxd4 Nf6 5.Nc3 a6 6.h4 e5 7.Nb3 Be7 8.Bg5 Be6
9.Bxf6 Bxf6 10.g3 O-O 11.Qd2 Be7 12.O-O-O Nd7 13.Nd5 Bxd5 14.exd5 Rc8 15.
Kb1 Nb6 16.f3 Qc7 17.Bd3 1/2-1/2

[Event "14th EUR-ch"]
[Site "Minsk BLR"]
[Date "2017.06.03"]
[Round "5.62"]
[White "Popov, Ivan"]
[Black "Drozdowski, Kacper"]
[Result "1-0"]
[WhiteElo "2618"]
[BlackElo "2478"]
[EventDate "2017.05.30"]
[PlyCount "113"]

1.e4 c5 2.Nf3 e6 3.d4 cxd4 4.Nxd4 Nc6 5.Nc3 Qc7 6.Be3 a6 7.Qf3 Nxd4 8.Bxd4
b5 9.Qg3 Qxg3 10.hxg3 Bb7 11.O-O-O Rc8 12.f3 Ne7 13.g4 d5 14.exd5 Nxd5 15.
Nxd5 Bxd5 16.a4 Bb3 17.Rd2 Bb4 18.c3 O-O 19.axb5 axb5 20.Kb1 Be7 21.Bxb5 
Ra8 22.Bc6 Ra6 23.Bb7 Ra4 24.Be3 h6 25.Rd7 Bf6 26.Bc5 Rb8 27.Bd6 Re8 28.
Re1 Ra7 29.Bc5 Ra5 30.Bb4 Ra7 31.Bc5 Ra5 32.Bf2 Ba4 33.Rc7 Rb8 34.Re4 Bb5 
35.Rb4 Bd3+ 36.Kc1 Ra1+ 37.Kd2 Bf1 38.Rc8+ Rxc8 39.Bxc8 Bxg2 40.Bb7 Be7 
41.Rc4 f5 42.Bc8 Kf7 43.Rc6 Bxf3 44.Bxe6+ Ke8 45.Rc8+ Bd8 46.Bxf5 Ra6 47.
Ke3 Bd5 48.Kd4 Bf7 49.c4 g6 50.Bh4 g5 51.Bg3 h5 52.Bc7 Rc6 53.Rxd8+ Ke7 
54.Rd7+ Ke8 55.c5 hxg4 56.Bd6 g3 57.Re7+ 1-0

[Event "14th EUR-ch"]
[Site "Minsk BLR"]
[Date "2017.06.03"]
[Round "5.63"]
[White "Kobo, Ori"]
[Black "Mista, Aleksander"]
[Result "0-1"]
[WhiteElo "2476"]
[BlackElo "2606"]
[EventDate "2017.05.30"]
[PlyCount "108"]

1.e4 c5 2.Nf3 Nc6 3.d4 cxd4 4.Nxd4 Qb6 5.Nb3 Nf6 6.Nc3 e6 7.Qe2 Bb4 8.Bd2 
O-O 9.a3 Be7 10.O-O-O d5 11.exd5 Nxd5 12.g3 Bf6 13.Ne4 e5 14.Qb5 Rd8 15.
Nxf6+ Nxf6 16.Qxb6 axb6 17.Bg2 Bg4 18.Rde1 Be6 19.Bc3 Bd5 20.Bxd5 Rxd5 21.
Rhf1 Re8 22.Nd2 b5 23.Ne4 Nxe4 24.Rxe4 f5 25.Re3 Kf7 26.Rfe1 Re6 27.b3 g5 
28.f3 Kg6 29.Kb2 f4 30.Re4 fxg3 31.hxg3 Rf6 32.Bxe5 Rxf3 33.g4 Nxe5 34.
Rxe5 Rxe5 35.Rxe5 h5 36.gxh5+ Kxh5 37.Rxb5 Rf7 38.b4 Kh4 39.Kb3 g4 40.Rb6 
g3 41.Rg6 Rf5 42.c4 Rg5 43.Rh6+ Kg4 44.Rh1 g2 45.Rg1 Kf3 46.c5 Kf2 47.Rc1 
g1=Q 48.Rxg1 Rxg1 49.Kc4 Ke3 50.Kd5 Rg5+ 51.Kd6 Kd4 52.Kc7 Rg7+ 53.Kb6 Kc4
54.b5 Rg6+ 0-1

[Event "14th EUR-ch"]
[Site "Minsk BLR"]
[Date "2017.06.03"]
[Round "5.64"]
[White "Rozum, Ivan"]
[Black "Girya, Olga"]
[Result "0-1"]
[WhiteElo "2606"]
[BlackElo "2476"]
[EventDate "2017.05.30"]
[PlyCount "152"]

1.e4 c6 2.Nc3 d5 3.Nf3 dxe4 4.Nxe4 Nf6 5.Nxf6+ exf6 6.Bc4 Bd6 7.Qe2+ Qe7 
8.Qxe7+ Kxe7 9.O-O Re8 10.a4 Kf8 11.d3 Nd7 12.Be3 Ne5 13.Nxe5 fxe5 14.a5 
a6 15.Bb6 Be6 16.Rfe1 Rac8 17.Bxe6 Rxe6 18.Ra4 f5 19.g4 g6 20.Re3 Rce8 21.
gxf5 gxf5 22.Rh4 R8e7 23.Rh5 f4 24.Re4 Kg7 25.Rg5+ Rg6 26.Rg2 Rxg2+ 27.
Kxg2 Kg6 28.Kf3 Kf5 29.d4 exd4 30.Rxd4 Re6 31.h4 Rg6 32.Bd8 h6 33.h5 Be5 
34.Rd7 Rg7 35.Rd3 Rg1 36.Rb3 Rd1 37.Be7 Rd2 38.Rxb7 Rxc2 39.Ba3 Bd4 40.
Rf7+ Kg5 41.Ke4 Bxb2 42.Rf5+ Kg4 43.Rxf4+ Kxh5 44.Rf5+ Kg6 45.Bxb2 Rxb2 
46.Rc5 Rxf2 47.Rxc6+ Rf6 48.Rb6 Kg5 49.Ke3 Kf5 50.Kf3 Re6 51.Rb8 Ke5 52.
Ke3 Kd5+ 53.Kd3 Kc5 54.Kc3 h5 55.Rh8 Re3+ 56.Kc2 Re5 57.Kc3 Kb5 58.Kd4 Rg5
59.Rh6 Kxa5 60.Kc4 Rg4+ 61.Kb3 Rg3+ 62.Kc4 Rg5 63.Rf6 Rg4+ 64.Kb3 h4 65.
Rf5+ Kb6 66.Rf6+ Kb7 67.Rf7+ Kc6 68.Rf6+ Kd5 69.Rxa6 Ke4 70.Kc3 Kf3 71.Kd3
h3 72.Rf6+ Kg2 73.Ke2 h2 74.Rf2+ Kh3 75.Rf3+ Rg3 76.Rf1 Rg1 0-1

[Event "14th EUR-ch"]
[Site "Minsk BLR"]
[Date "2017.06.03"]
[Round "5.65"]
[White "Mchedlishvili, Mikheil"]
[Black "Santos Ruiz, Miguel"]
[Result "1/2-1/2"]
[WhiteElo "2605"]
[BlackElo "2473"]
[EventDate "2017.05.30"]
[PlyCount "90"]

1.e4 c5 2.Nf3 d6 3.Bb5+ Nd7 4.d4 cxd4 5.Qxd4 a6 6.Bxd7+ Bxd7 7.c4 Nf6 8.
Nc3 g6 9.O-O Bg7 10.Qd3 O-O 11.a4 Qb6 12.Be3 Qb4 13.Bd4 Rac8 14.Nd2 Be6 
15.b3 Nd7 16.Bxg7 Kxg7 17.f4 Nc5 18.Qd4+ f6 19.Rab1 Qb6 20.Nf3 Bg4 21.Nd5 
Qd8 22.e5 dxe5 23.fxe5 Be6 24.exf6+ exf6 25.Ng5 Bxd5 26.cxd5 Kg8 27.b4 Nb3
28.Rxb3 fxg5 29.d6 Rxf1+ 30.Kxf1 Qd7 31.Rf3 Qe6 32.Qd2 Rd8 33.Rd3 Rd7 34.
Kg1 g4 35.Rd4 Kg7 36.Rd5 Qe4 37.Qc3+ Kh6 38.Rd1 Qf4 39.Qc5 Kg7 40.b5 axb5 
41.axb5 h5 42.b6 Qf5 43.Qd4+ Qf6 44.Qd5 Qf5 45.Qd4+ Qf6 1/2-1/2

[Event "14th EUR-ch"]
[Site "Minsk BLR"]
[Date "2017.06.03"]
[Round "5.66"]
[White "Sarana, Alexei"]
[Black "Oparin, Grigoriy"]
[Result "1/2-1/2"]
[WhiteElo "2472"]
[BlackElo "2604"]
[EventDate "2017.05.30"]
[PlyCount "68"]

1.d4 Nf6 2.c4 e6 3.Nf3 b6 4.g3 Bb7 5.Bg2 Be7 6.Nc3 Ne4 7.Bd2 Bf6 8.O-O O-O
9.Be1 Nxc3 10.Bxc3 Be4 11.Ne5 Bxg2 12.Kxg2 c5 13.dxc5 bxc5 14.Qd6 Qb6 15.
Rfd1 Qxd6 16.Rxd6 Be7 17.Rd2 d6 18.Nf3 a5 19.e4 f6 20.Ne1 Nd7 21.Nc2 Nb6 
22.Ne3 Na4 23.Rc1 g6 24.f4 Nxc3 25.Rxc3 f5 26.Kf3 fxe4+ 27.Kxe4 a4 28.Nc2 
Rab8 29.Ne1 Bf6 30.Rcc2 Rb6 31.Nd3 Bd4 32.Re2 Kf7 33.Kf3 Rfb8 34.Kg4 R8b7 
1/2-1/2

[Event "14th EUR-ch"]
[Site "Minsk BLR"]
[Date "2017.06.03"]
[Round "5.67"]
[White "Neiksans, Arturs"]
[Black "Goryachkina, Aleksandra"]
[Result "1-0"]
[WhiteElo "2599"]
[BlackElo "2470"]
[EventDate "2017.05.30"]
[PlyCount "103"]

1.e4 e6 2.d4 d5 3.Nd2 c5 4.exd5 Qxd5 5.Ngf3 cxd4 6.Bc4 Qd7 7.O-O Nc6 8.Nb3
a6 9.Nbxd4 Nxd4 10.Nxd4 Qc7 11.Bd3 Bd6 12.h3 Nf6 13.Re1 O-O 14.Bg5 Bh2+ 
15.Kh1 Be5 16.c3 Bxd4 17.cxd4 Nd5 18.Qh5 g6 19.Qf3 f6 20.Bh6 Rd8 21.Re2 
Qf7 22.Rae1 Bd7 23.Bc4 Re8 24.Bxd5 exd5 25.Qf4 Rxe2 26.Rxe2 Bb5 27.Re3 Rc8
28.Rf3 f5 29.Re3 Re8 30.Rxe8+ Qxe8 31.Qc7 Qd7 32.Qb8+ Kf7 33.Qh8 Ke6 34.
Bg7 Qc7 35.Qg8+ Qf7 36.Qxh7 f4 37.f3 Bf1 38.Qh8 g5 39.Qc8+ Qd7 40.Qg8+ Qf7
41.Qc8+ Qd7 42.Qh8 Qe7 43.Be5 Kd7 44.Qg8 Bc4 45.b3 Bb5 46.Qxd5+ Ke8 47.Qe4
Bc6 48.d5 Bb5 49.a4 Bd7 50.Qg6+ Qf7 51.Qxg5 Qxd5 52.Qg6+ 1-0

[Event "14th EUR-ch"]
[Site "Minsk BLR"]
[Date "2017.06.03"]
[Round "5.68"]
[White "Karttunen, Mika"]
[Black "Ter-Sahakyan, Samvel"]
[Result "0-1"]
[WhiteElo "2465"]
[BlackElo "2598"]
[EventDate "2017.05.30"]
[PlyCount "136"]

1.e4 c5 2.Nf3 d6 3.d4 cxd4 4.Qxd4 Nf6 5.h3 Nc6 6.Bb5 Bd7 7.Qd3 Rc8 8.Nc3 
g6 9.O-O Bg7 10.Be3 O-O 11.Bxc6 bxc6 12.e5 Bf5 13.Qa6 dxe5 14.Nxe5 Qc7 15.
Nd3 Nd5 16.Qxa7 Qxa7 17.Bxa7 Nxc3 18.bxc3 Bxc3 19.Rab1 Ra8 20.Rb3 Bf6 21.
Rb7 Rfd8 22.Rc1 Rd5 23.Nb4 Rb5 24.Rxb5 cxb5 25.Be3 Be6 26.Bh6 Bc3 27.Nc6 
Rxa2 28.Nxe7+ Kh8 29.Rd1 Ra1 30.Rxa1 Bxa1 31.Bd2 Kg7 32.Nc6 Bd7 33.Nb4 Be5
34.Nd3 Bd4 35.c3 Bf6 36.f4 Bf5 37.Ne5 Bd8 38.Be3 f6 39.Nc6 Bc7 40.Nd4 Bd7 
41.Kf2 Ba5 42.Bd2 Kf7 43.Nb3 Bc7 44.Nc5 Bc6 45.Be3 Ke7 46.Na6 Bd8 47.Bd4 
h5 48.g4 h4 49.Kg1 Ke6 50.Bf2 g5 51.fxg5 fxg5 52.Nb4 Be4 53.Bd4 Bf6 54.Kf2
Bxd4+ 55.cxd4 Kd6 56.Kg1 Kc7 57.Kf2 Kb6 58.Na2 Ka5 59.Nc3 Bb7 60.Ke3 b4 
61.Nb1 Bg2 62.Nd2 Kb5 63.Nb3 Bxh3 64.d5 Bxg4 65.Nd4+ Kc5 66.Ne6+ Bxe6 67.
dxe6 Kd6 68.e7 Kxe7 0-1

[Event "14th EUR-ch"]
[Site "Minsk BLR"]
[Date "2017.06.03"]
[Round "5.69"]
[White "Kulaots, Kaido"]
[Black "Baghdasarian, Vahe"]
[Result "1/2-1/2"]
[WhiteElo "2597"]
[BlackElo "2449"]
[EventDate "2017.05.30"]
[PlyCount "117"]

1.e4 c5 2.Nf3 Nc6 3.d4 cxd4 4.Nxd4 e5 5.Nb5 d6 6.N1c3 a6 7.Na3 b5 8.Nd5 
Nf6 9.Bg5 Be7 10.Bxf6 Bxf6 11.c4 b4 12.Nc2 a5 13.g3 Bg5 14.h4 Bh6 15.Bh3 
Bxh3 16.Rxh3 O-O 17.g4 Bf4 18.g5 Ne7 19.Nxf4 exf4 20.Nd4 Qc8 21.Qd3 Re8 
22.h5 Nf5 23.Ne2 Ng3 24.Rh4 Nxe4 25.Rxf4 Nxg5 26.O-O-O h6 27.Ng3 Nh3 28.
Rf5 Qc6 29.Qd4 a4 30.Rd5 Rac8 31.b3 axb3 32.axb3 Qa6 33.Nf5 Qa3+ 34.Kd2 
Qa2+ 35.Kc1 f6 36.Nxh6+ gxh6 37.Qxf6 Qa3+ 38.Kd2 Qa7 39.Rxd6 Qxf2+ 40.Qxf2
Nxf2 41.Rg1+ Kh7 42.Rd7+ Kh8 43.Rg6 Ne4+ 44.Kc2 Ra8 45.Kb2 Ra5 46.Rxh6+ 
Kg8 47.Rg6+ Kf8 48.Rh7 Nc3 49.Rh8+ Ke7 50.Rh7+ Kd8 51.Rd6+ Kc8 52.Rc6+ Kb8
53.Rb6+ Kc8 54.Rc6+ Kb8 55.Rb6+ Ka8 56.Rxb4 Re3 57.Rh8+ Ka7 58.Rh7+ Ka6 
59.Rh6+ 1/2-1/2